LEADER 01251nam1 22003013i 450 001 SUN0113232 005 20180104101728.864 010 $d0.00 100 $a20180104d2017 |0itac50 ba 101 $aita 102 $aIT 105 $a|||| ||||| 200 1 $a*Codice dei contratti pubblici$eannotato con dottrina, giurisprudenza, linee guida e delibere Anac e formule$e[aggiornato al D.Lgs$h19 aprile 2017$in$h56 c.d. Correttivo del Codice degli Appalti]$fRoberto Garofoli, Giulia Ferrari 205 $a7. ed 210 $aRoma$cNeldiritto$d2017 215 $a2 volumi$d25 cm. 410 1$1001SUN0113233$12001 $aI *codici del professionista$1210 $aRoma$cNeldiritto. 463 \1$1001SUN0113234$12001 $aTomo 1: *D.Lgs$h18 aprile 2016$in$h50 (Artt$h1-93) 463 \1$1001SUN0113235$12001 $aTomo 2: *D.Lgs$h18 aprile 2016$in$h50 (Artt$h94-Allegati) 606 $aContratti pubblici$xLegislazione$xItalia$2SG$3SUNC033541 620 $dRoma$3SUNL000360 700 1$aGarofoli$b, Roberto$3SUNV005010$0141353 701 1$aFerrari$b, Giulia$3SUNV028841$0231099 712 $aNeldiritto$3SUNV009257$4650 801 $aIT$bSOL$c20181109$gRICA 912 $aSUN0113232 996 $aCodice dei contratti pubblici$91520295 997 $aUNICAMPANIA LEADER 01434nam 2200361 n 450 001 996385549903316 005 20221108081911.0 035 $a(CKB)1000000000602015 035 $a(EEBO)2240875948 035 $a(UnM)99849760 035 $a(EXLCZ)991000000000602015 100 $a19920211d1635 uy | 101 0 $aeng 135 $aurbn||||a|bb| 200 00$aMarkhams Faithfull farrier$b[electronic resource] $evvherein the depth of his skill is layd open in all those principall and approoved secrets of horsemanship, which the author never published, but hath kept in his brest, and hath beene the glory of his practise 210 $aPrinted at London $cBy T. C[otes] for Michael Sparke, and are to be sold at the blue Bible in Greene Arbour$d1635 215 $a[14], 110, [2] p 300 $aThe text is based on: Markhams maister-peace. 300 $aThe first leaf and last leaf cntain the same woodcut of a horse. 300 $aRunning title reads: The faithfull farrier. 300 $aReproduction of the original in the Bodleian Library. 330 $aeebo-0014 606 $aHorses$xDiseases$vEarly works to 1800 615 0$aHorses$xDiseases 700 $aMarkham$b Gervase$f1568?-1637.$0877321 801 0$bCu-RivES 801 1$bCu-RivES 801 2$bCStRLIN 801 2$bWaOLN 906 $aBOOK 912 $a996385549903316 996 $aMarkhams faithfull farrier$92304970 997 $aUNISA